00333nam a2200121Ia 4500008004100000020001500041082001700056100001300073245005200086260004100138300001400179700001800193161229s9999 xx 000 0 und d a8170993245 a658.8 DEY/PR aDey, A K aProduction and marketing of pulses and oilseeds bMittal publicationsaNew Delhic1991 axiii, 132 aBanerjee, B N